| 000 | 00473nam a2200169 a 4500 | ||
|---|---|---|---|
| 001 | 3090 | ||
| 005 | 20140414131933.0 | ||
| 008 | 060201s19uu xx 00 eng d | ||
| 020 | _a1-8651-5609-4 | ||
| 050 |
_aREF 423 _bOn2 2006 |
||
| 100 | _aOliver, Archie | ||
| 245 |
_aFirst picture dictionary / _cArchie Oliver. |
||
| 260 |
_aUK : _bHinkler Books, _c2004. |
||
| 300 | _a96 p. ; cm. | ||
| 650 |
_aEnglish language _xDictionaries _xJuvenile literature. |
||
| 999 |
_c112306 _d112306 |
||